| 000 | 00712nam a2200217 i 4500 | ||
|---|---|---|---|
| 001 | 53994 | ||
| 003 | ES-MaACL | ||
| 005 | 20230906162854.0 | ||
| 007 | t| | ||
| 008 | 031120s2002 sp ||||0| spa d | ||
| 020 | _a84-8191-486-X | ||
| 080 | _a821.133.1-94"19" | ||
| 100 | 1 |
_aCioran, E. M. _938864 |
|
| 245 | 1 | 0 |
_aCuaderno de Talamanca _b: Ibiza (31 de julio-25 de agosto de 1966) / _cE. M. Cioran ; texto seleccionado y presentado por Verena von der Heyden-Rynsch ; traducción y prólogo de Manuel Arranz. |
| 260 |
_aValencia : _bPre-Textos, _c2002. |
||
| 300 |
_a61 p ; _c19 cm. |
||
| 490 | 1 |
_aEnsayo ; _v596 |
|
| 830 | 1 |
_aEnsayo ; _v596 _9177699 |
|
| 852 |
_aES-MaACL _jL-26679 |
||
| 999 |
_c53994 _d53994 |
||